| 000 | 00648nam a22002057a 4500 | ||
|---|---|---|---|
| 999 |
_c12577 _d12577 |
||
| 003 | AR-CdUCM | ||
| 008 | 190409b ||||| |||| 00| 0 spa d | ||
| 040 |
_aMUNICIPALIDAD PROVINCIAL DEL CUSCO _cBIBLIOTECA MUNICIPAL DEL CUSCO |
||
| 082 |
_a985.691 / _bV61 / 1948 |
||
| 100 |
_aVidal, Humberto _923976 |
||
| 245 | _aGuia del Cusco para turistas/ | ||
| 260 |
_aCusco : _c1984. |
||
| 300 |
_a93 paginas ; _bMapas, Ilustraciones, _c21 cm. |
||
| 505 | _aContenido :Guia del Cusco para turistas / | ||
| 650 |
_aCuzco _97693 |
||
| 650 |
_aTurismo _94560 |
||
| 650 |
_aPromontorio cultural _930471 |
||
| 942 |
_2ddc _cLIBROS |
||
| 945 |
_arjall _d2019-04-09 |
||